| 000 | 00946nam a22003017a 4500 | ||
|---|---|---|---|
| 001 | BR9507119 | ||
| 003 | BR-BrBNA | ||
| 005 | 20230928094710.0 | ||
| 007 | ta | ||
| 008 | 230509b bl.||||| |||| 00| 0 por d | ||
| 040 |
_aBR-BrBNA _bpor _cBiblioteca Nacional de Agricultura |
||
| 041 | _a(Por) | ||
| 072 | _aP36; P01 | ||
| 090 | _ P36 BR9507119 | ||
| 100 | 1 | _aSa, I.B. | |
| 110 | 1 |
_aFundacao Grupo Esquel, Fortaleza, CE (Brasil) _94907 |
|
| 111 | 1 |
_aConferencia Nacional e Seminario Latino Americano da Desertificacao _cFortaleza, CE (Brazil) _d7-11 Mar 1994 |
|
| 245 | 1 | _aDegradacao ambiental e reabilitacao natural no tropico semi-arido brasileiro | |
| 260 | 3 |
_aFortaleza, CE (Brasil): _c1994. |
|
| 300 | _a20 p. | ||
| 500 | _aSummaries (Eng, Por); 17 ref. | ||
| 650 | _aSeca | ||
| 650 | _aDesertificacao | ||
| 650 | _aMeio Ambiente | ||
| 650 | _aPreservacao da Natureza | ||
| 909 |
_a202309 _bLucia _c55 _dLucia Elande |
||
| 942 | _cBK | ||
| 999 |
_c52153 _d52153 |
||